| 000 | 00491nam a2200169Ia 4500 | ||
|---|---|---|---|
| 003 | GCL | ||
| 008 | 140319s9999 xx 000 0 eng d | ||
| 040 |
_aGCL / _cGCL |
||
| 082 | 0 | 4 |
_a155.4 _bN C |
| 100 | 1 | _aNEWCOMBE, NORA | |
| 245 | 1 | 0 |
_aCHILD DEVELOPMENT CHANGE OVER TIME / _cNEWCOMBE, NORA |
| 260 |
_a[S.N] : _bHARPER COLLINS COLLEGE PUBLISBERS ، _c1996 |
||
| 650 | 0 | 4 | _aCHILD PSYCHOLOGY |
| 650 | 0 | 4 | _aCHILD PSYCHOLOGY AND PERSONALIY |
| 650 | 0 | 4 | _aCHILD - DEVELOPMENT |
| 942 |
_2ddc _cBK |
||
| 999 |
_c13003 _d13003 |
||